[Event "WYCC U16 Open 2019"]
[Site "Mumbai"]
[Date "2019.10.03"]
[Round "3.15"]
[White "Bagvilas, Lukas"]
[Black "Harshavardhan G B"]
[Result "0-1"]
[WhiteElo "1983"]
[BlackElo "2362"]
[Annotator "TA"]
[PlyCount "118"]
[EventDate "2019.10.02"]
[EventType "swiss"]
[EventCountry "IND"]
[SourceTitle "playchess.com"]
[Source "ChessBase"]
[SourceQuality "1"]
[WhiteTeam "Lithuania"]
[BlackTeam "India"]
[WhiteTeamCountry "LTU"]
[BlackTeamCountry "IND"]

{[%evp 12,118,6,9,141,165,159,150,133,123,109,87,132,112,127,81,114,104,127,126,154,146,124,64,72,-41,-45,-43,-53,-47,-22,-85,-97,-83,-60,-157,-164,-153,-153,-148,-130,-173,-184,-470,-445,-468,-466,-471,-457,-443,-456,-418,-258,-247,-15,-19,-57,-56,-48,-154,-172,-248,-168,-250,-216,-215,-166,-200,-200,-279,-275,-275,-264,-252,-239,-360,-225,-230,-216,-197,-152,-150,-130,-138,-144,-153,-88,-118,-102,-110,-104,-103,-76,-307,-302,-287,-279,-262,0,-193,-193,-177,-191,-169,-156,-151,-143,-12845,-12846]} 1. c4 Nf6 2. Nc3 e6 3. e4 e5 4. Nf3 Nc6 5. d3 Bc5 6. Nxe5 Nxe5 7. d4 {[%mdl 64] Double Attack} Bd6 {A28: English Opening: Four Knights Variation} (7... Nfg4 $2 8. dxc5 Nf6 9. f4 $18) (7... Bb4 $11 {remains equal.}) (7... Bb4 8. dxe5 Nxe4 9. Qf3 Nxc3 10. bxc3 Be7 11. Qg3 g6 12. Bh6 d6 13. Be2 Be6 14. Rd1 Qd7 15. exd6 cxd6 16. O-O O-O-O {½-½ (52) Carlsen,M (2861)-Nepomniachtchi,I (2773) Abidjan 2019}) 8. c5 $16 (8. dxe5 $6 Bxe5 9. f3 Bxc3+ 10. bxc3 d6 $11) 8... Bxc5 (8... Nfg4 $2 9. cxd6 O-O 10. dxe5 $18) 9. dxe5 (9. dxc5 $6 d6 $14) 9... Ng8 {White is clearly better.} 10. Bc4 Ne7 11. Bg5 $146 ({Predecessor:} 11. O-O O-O 12. Bg5 h6 13. Bh4 Qe8 14. Rc1 Ng6 15. Bg3 Nxe5 {1-0 (60) Balazs,L (2088)-Marjanovic,A (1620) Bratislava 2019}) 11... c6 12. O-O b5 13. Bb3 Qc7 14. Bf4 {Threatens to win with Bxf7+!} O-O 15. Bg3 Qb6 16. Kh1 a5 17. Rc1 (17. a3 $16) 17... a4 $14 18. Bxa4 (18. Bc2 $16) 18... bxa4 $15 19. Nxa4 {[#]} Rxa4 $1 {[%mdl 512]} 20. Qxa4 Bd4 21. Rc2 (21. Rb1 $11) 21... c5 $17 {[%mdl 1024] Black has strong compensation.} (21... Bxb2 $2 22. Rb1 $18) 22. Rd1 Nc6 23. a3 (23. e6 $15) 23... Ba6 $1 (23... Bxe5 24. Rd5 $17) 24. Rcd2 Bb5 ({Of course not} 24... Bxe5 $6 25. Bxe5 Nxe5 26. Rd6 $11) 25. Qc2 Qa5 26. Rc1 Ba4 27. b3 $2 {[#]} (27. Qd3) 27... Bxb3 $1 $19 {[%mdl 512]} 28. Qd3 (28. Qxb3 Qxd2) 28... c4 29. Qe2 c3 30. Rxd4 Nxd4 31. Qd3 Qxa3 32. Qxc3 {intending Ra1.} Ne2 $2 ({Better is} 32... Ra8 $19 {Hoping for ...Ne2.} 33. Re1 Nc6) 33. Ra1 $11 {[#]} Qxa1+ $1 {[%mdl 576] Deflection} 34. Qxa1 Rc8 35. Bf4 (35. e6 $1 $15 fxe6 36. Bc7 Rxc7 37. Qa8+ Kf7 38. h3) 35... Nxf4 $17 36. g3 (36. h4 {keeps fighting.}) 36... Ng6 37. Qa7 (37. Kg2 {was called for.}) 37... Be6 {aiming for ...Bh3.} ({But not} 37... Nxe5 $2 38. Qb7 $1 $18 {[%mdl 512]}) 38. Qb7 Rc1+ 39. Kg2 h5 40. Qb2 Rc4 $1 41. f3 Ra4 {...Ra2! is the strong threat.} 42. Qb8+ Nf8 43. Qb5 (43. h4 {was the only chance.}) 43... Ra2+ $19 44. Kg1 Bh3 {And now ...Rg2+ would win.} 45. e6 {Strongly threatening exf7+.} Bxe6 46. Qxh5 {[#]} d5 $1 47. exd5 Ra5 48. Qe5 Bxd5 (48... Rxd5 $142 49. Qc3 f6) 49. Qc3 Ra2 50. Qd3 Be6 51. g4 Ng6 {White must now prevent ...Rg2+!} 52. Qe4 $2 (52. Qd6 $17 {was necessary.}) 52... Nh4 53. g5 Ra1+ 54. Kf2 Ra2+ 55. Kg1 {[#]} Ng6 $1 56. h4 {[#]} Ra5 $1 57. Kf2 Rf5 58. h5 Ne5 59. f4 $2 {[%mdl 8192] [#]} (59. g6 $17 Nd7 60. Qb4) 59... Rxf4+ $1 {[%mdl 512] Accuracy: White = 40%, Black = 60%.} 0-1

[Event "WYCC U16 Open 2019"]
[Site "Mumbai"]
[Date "2019.10.03"]
[Round "3.16"]
[White "Nanayakkara, J A K Saranath"]
[Black "Mis, Mieszko"]
[Result "0-1"]
[WhiteElo "1924"]
[BlackElo "2345"]
[Annotator "TA"]
[PlyCount "150"]
[EventDate "2019.10.02"]
[EventType "swiss"]
[EventCountry "IND"]
[SourceTitle "playchess.com"]
[Source "ChessBase"]
[SourceQuality "1"]
[WhiteTeam "Sri Lanka"]
[BlackTeam "Poland"]
[WhiteTeamCountry "SRI"]
[BlackTeamCountry "POL"]

{[%evp 13,150,9,55,12,19,0,-3,0,0,-62,-51,-47,-33,-37,-18,-19,-5,-13,13,16,64,64,66,53,54,47,77,0,46,-31,-28,-16,-13,-107,-39,-53,-44,-45,-24,-104,-43,-46,-48,-43,-4,-16,0,0,0,-44,-16,-16,-17,-29,0,0,0,0,0,0,0,0,8,0,0,-41,-41,-49,-41,-37,-31,-31,69,0,-12,-53,-51,-53,-53,-53,-81,-76,-53,-118,-118,-100,-96,-383,-350,-331,-318,-315,-253,-917,-915,-893,-870,-822,-817,-782,-692,-799,-732,-12837,-12837,-12836,-12837,-12837,-12837,-12843,-12843,-12844,-12843,-29983,-29984,-29984,-29985,-29985,-29986,-29987,-29987,-29987,-29987,-29987,-29988,-29988,-29989,-29991,-29992,-29993,-29992,-29993,-12850,-29992,-12850,-29992,-12850,-29996,-12850]} 1. d4 Nf6 2. Nf3 g6 3. Bg5 Bg7 4. Nbd2 O-O 5. c3 d6 6. e4 Nc6 7. Bd3 e5 (7... h6 $5 {[%cal Rh6g5]} 8. Bxf6 Bxf6 $11) 8. dxe5 {A48: 1 d4 Nf6 2 Nf3 g6: Torre, London and Colle Systems} dxe5 9. Qe2 h6 10. Bh4 {The position is equal.} Qe8 11. Nb3 $146 (11. Bxf6 $11 Bxf6 12. O-O) ({Predecessor:} 11. Bxf6 Bxf6 12. Nc4 Bg7 13. Ne3 Nd8 14. h4 Ne6 15. g3 h5 {1-0 (33) Mozharov,M (2508)-Belous,V (2554) Moscow 2013}) 11... Nh5 $15 12. Bg3 Bg4 13. h3 Be6 14. Bh2 a5 15. Nc5 Bc8 16. Bb5 Qe7 17. Nd3 Na7 18. Ba4 {[%cal Rd3e5]} b5 19. Bc2 {[%cal Rd3e5]} Nc6 20. Qe3 (20. O-O $16) 20... b4 21. Qc5 (21. O-O $14) 21... Qxc5 22. Nxc5 Nf4 23. Rg1 {[#]} (23. O-O $11 {remains equal.}) 23... Rd8 (23... a4 $1 $17 {[%mdl 512]} 24. c4 (24. Bxa4 Ra5 $17) 24... a3) 24. Rd1 Rd6 25. c4 g5 26. b3 (26. Ba4 $11 {keeps the balance.} Ne7 27. Bxf4 exf4 28. e5 Rxd1+ 29. Kxd1) 26... Be6 (26... Rxd1+ $17 27. Kxd1 Bf8 28. Bxf4 exf4) 27. Rxd6 cxd6 28. Na4 Ne7 29. h4 g4 30. Nd4 $1 Rd8 31. Ne2 Nh5 (31... Nxe2 {is more complex.} 32. Kxe2 Nc6 33. Bd3 Nd4+ 34. Ke3 h5) 32. Ng3 Nxg3 33. Bxg3 f5 34. f3 fxe4 (34... f4 $5 35. Bf2 $8 Kf7 $11) 35. fxe4 Nc6 36. Bf2 Nd4 37. Bd3 Rb8 38. Kd2 h5 39. Rh1 (39. c5 {looks sharper.} dxc5 40. Nxc5 Bf7 41. Be3 Rc8 42. Rc1) 39... Bh6+ 40. Be3 Bxe3+ 41. Kxe3 Bd7 42. Nb2 Ra8 {[#]} (42... Rc8 $15) 43. Rc1 (43. c5 $1 $14 {[%mdl 512]}) 43... Ne6 44. Bc2 (44. c5 $5 Nxc5 45. Bc4+ Be6 46. Rd1 $11) 44... Kf7 45. Nd3 Ke7 46. Bd1 Rf8 47. Be2 Nd4 48. c5 ({White should play} 48. Rf1 $15) 48... Bb5 $17 49. cxd6+ Kxd6 50. Rc5 $2 {[%mdl 8192]} (50. Rf1 $17 {was called for.} Rc8 51. Rf6+ Ke7 52. Rb6) 50... Bxd3 $1 $19 51. Rd5+ Ke6 52. Bxd3 {[#]} Nf5+ $1 {[%mdl 576] Deflection} 53. exf5+ $2 (53. Kd2 Nxh4 54. g3 Nf3+ 55. Kd1) 53... Kxd5 {[%mdl 4096] Endgame KR-KB} 54. Bc4+ Kd6 55. Ke4 g3 56. Be6 Rb8 57. Bc4 Rc8 58. f6 Rxc4+ {[%mdl 64] Remove Defender} 59. bxc4 {KP-KP} Ke6 60. c5 Kxf6 61. Kd5 {[#]} a4 $1 62. c6 {[#]} Ke7 $1 63. Kc4 {[#]} b3 $1 {[%mdl 512]} 64. c7 (64. axb3 a3) 64... Kd7 65. axb3 a3 66. Kc3 e4 67. b4 e3 68. Kd3 a2 69. Kxe3 a1=Q 70. Kf3 Qe1 71. Kf4 Qf2+ {[%mdl 64] Double Attack} 72. Kg5 Qxg2 (72... Kxc7 $142 73. b5 Qxg2 74. b6+ Kxb6 75. Kf4 Qf2+ 76. Ke5 g2 77. Kd6 g1=Q 78. Ke7 Qge1+ 79. Kd7 Qxh4 80. Kd6 Qd8#) 73. Kxh5 Qe4 (73... Kc8 $142 74. Kh6 Qc6+ 75. Kh5 g2 76. b5 Qxb5+ 77. Kg6 g1=Q+ 78. Kf7 Qd7+ {[%mdl 64] Double Attack} 79. Kf8 Qgg7#) 74. Kh6 g2 (74... Kc8 $142 75. b5 g2 76. b6 g1=Q 77. b7+ Qxb7 78. h5 Qd5 79. Kh7 Qxh5#) 75. h5 g1=Q {Accuracy: White = 44%, Black = 49%.} (75... Kc8 $142 76. Kg7 g1=Q+ 77. Kf8 Qf4+ {[%mdl 64] Double Attack} 78. Ke8 Qge3#) 0-1

[Event "WYCC U16 Open 2019"]
[Site "Mumbai"]
[Date "2019.10.04"]
[Round "4.1"]
[White "Sankalp Gupta"]
[Black "Makarian, Rudik"]
[Result "*"]
[WhiteElo "2369"]
[BlackElo "2386"]
[Annotator "TA"]
[PlyCount "20"]
[EventDate "2019.10.02"]
[EventType "swiss"]
[EventCountry "IND"]
[SourceTitle "playchess.com"]
[Source "ChessBase"]
[SourceQuality "1"]

{[%evp 10,20,23,26,37,31,30,19,21,12,31,13,15]} 1. e4 c6 2. Nc3 d5 3. Nf3 dxe4 4. Nxe4 Nf6 5. Qe2 Nxe4 6. Qxe4 Qa5 {B11: Caro-Kann: Two Knights Variation} 7. Bc4 (7. Qh4 Nd7 8. Bc4 Ne5 9. Be2 Nxf3+ 10. Bxf3 Bf5 11. O-O Bxc2 12. d4 e6 13. Qg3 Bg6 14. h4 {1-0 (48) Wei,Y (2721)-Vachier Lagrave,M (2774) chess.com INT 2019}) 7... Bf5 8. Qf4 {[#] And now b4! would win.} e6 9. O-O Nd7 $146 ({Predecessor:} 9... Bxc2 10. Nd4 Bg6 11. Re1 Be7 12. Bxe6 O-O 13. Bb3 Bf6 14. Nf3 {0-1 (63) Afraoui,A (2068)-Cvitan,E (2132) Radenci 2019}) 10. Re1 Be7 *

[Event "WYCC U16 Open 2019"]
[Site "Mumbai"]
[Date "2019.10.04"]
[Round "4.2"]
[White "Tomiello, Lucas Costamilan"]
[Black "Aronyak Ghosh"]
[Result "*"]
[WhiteElo "2107"]
[BlackElo "2380"]
[Annotator "TA"]
[PlyCount "39"]
[EventDate "2019.10.02"]
[EventType "swiss"]
[EventCountry "IND"]
[SourceTitle "playchess.com"]
[Source "ChessBase"]
[SourceQuality "1"]

{[%evp 21,27,9,22,10,16,0,11,0]} 1. e4 c5 2. Nf3 d6 3. d4 cxd4 4. Nxd4 Nf6 5. Nc3 Bd7 6. Bg5 e6 7. Qd2 a6 8. f4 h6 9. Bxf6 Qxf6 10. O-O-O Nc6 11. Nf3 Qd8 {The position is equal.} 12. Kb1 {B67: Sicilian: Richter-Rauzer: 7...a6 8 0-0-0 Bd7, lines without 9 f4 Be7} (12. h4 Qc7 13. g4 O-O-O 14. Bg2 Kb8 15. g5 Be7 16. Nd4 Rc8 17. Nb3 Na5 18. Qd4 Nxb3+ 19. axb3 hxg5 20. hxg5 Rxh1 21. Bxh1 {1-0 (37) Bocharov,I (2563)-Hirneise,T (2464) St Petersburg 2018}) 12... Be7 13. g4 Qa5 14. h4 {Predecessor:} O-O-O $146 15. Qe1 Rhe8 16. Qg3 Kb8 17. g5 Rh8 18. Bd3 Bc8 19. Ne2 hxg5 20. hxg5 {½-½ (41) Hudak,D (2334)-Fischer,D (2304) ICCF email 2013} *

[Event "WYCC U16 Open 2019"]
[Site "Mumbai"]
[Date "2019.10.04"]
[Round "4.3"]
[White "Raja Rithvik R"]
[Black "Niemann, Hans Moke"]
[Result "0-1"]
[WhiteElo "2369"]
[BlackElo "2439"]
[Annotator "NA"]
[PlyCount "67"]
[EventDate "2019.10.02"]
[EventType "swiss"]
[EventCountry "IND"]
[SourceTitle "playchess.com"]
[Source "ChessBase"]
[SourceQuality "1"]
[TimeControl "40/5400+30:1800+30"]

1. c4 {[%emt 0:00:00]} g6 {[%emt 0:00:36]} 2. Nf3 {[%emt 0:00:43]} Bg7 {[%emt 0:00:07]} 3. d4 {[%emt 0:00:22]} c5 {[%emt 0:01:44]} 4. e4 {[%emt 0:01:41]} cxd4 {[%emt 0:07:18]} 5. Nxd4 {[%emt 0:00:05]} Nc6 {[%emt 0:00:04]} 6. Be3 {[%emt 0:00:06]} Nf6 {[%emt 0:00:18]} 7. Nc3 {[%emt 0:00:04]} Ng4 {[%emt 0:02:01]} 8. Qxg4 {[%emt 0:00:06]} Nxd4 {[%emt 0:00:04]} 9. Qd1 {[%emt 0:00:05]} e5 {[%emt 0:00:57]} 10. Bd3 {[%emt 0:06:40]} d6 {[%emt 0:00:41]} 11. O-O {[%emt 0:00:37]} O-O {[%emt 0:00:07]} 12. Qd2 {[%emt 0:01:32]} Be6 {[%emt 0:01:16]} 13. Bxd4 {[%emt 0:09:37]} exd4 {[%emt 0:00:06]} 14. Ne2 {[%emt 0:00:02]} Qb6 {[%emt 0:01:37]} 15. Rad1 {[%emt 0:22:29]} Rfc8 {[%emt 0:04:19]} 16. b3 {[%emt 0:00:33]} a5 {[%emt 0:01:19]} 17. h3 {[%emt 0:10:08]} a4 {[%emt 0:04:12]} 18. Bc2 {[%emt 0:00:44]} axb3 {[%emt 0:00:18]} 19. axb3 {[%emt 0:00:07]} Ra2 {[%emt 0:00:19]} 20. Nc1 {[%emt 0:00:00]} Ra3 {[%emt 0:00:30]} 21. Nd3 {[%emt 0:00:00]} Qa7 {[%emt 0:00:30]} 22. Nb4 {[%emt 0:00:00]} Qa5 {[%emt 0:09:03]} 23. f4 {[%emt 0:20:03]} b5 {[%emt 0:07:31]} 24. f5 {[%emt 0:18:24]} Bd7 {[%emt 0:00:30]} 25. f6 {[%emt 0:00:30]} Bf8 {[%emt 0:00:30]} 26. Nd5 {[%emt 0:00:30]} Qxd2 {[%emt 0:00:30]} 27. Rxd2 {[%emt 0:00:30]} bxc4 {[%emt 0:00:30]} 28. bxc4 {[%emt 0:00:30]} Ra2 {[%emt 0:00:30]} 29. Rff2 {[%emt 0:00:30]} Rxc4 {[%emt 0:00:30]} 30. Bb3 {[%emt 0:00:30]} Ra1+ {[%emt 0:00:30]} 31. Kh2 {[%emt 0:00:30]} Ra3 {[%emt 0:00:30]} 32. Rf3 {[%emt 0:00:30]} Rc8 {[%emt 0:00:30]} 33. Ba2 {[%emt 0:00:30]} Rxf3 {[%emt 0:00:30]} 34. gxf3 {[%emt 0:00:30]} 0-1

[Event "WYCC U16 Open 2019"]
[Site "Mumbai"]
[Date "2019.10.04"]
[Round "4.4"]
[White "Kushagra Mohan"]
[Black "Avila Pavas, Santiago"]
[Result "*"]
[WhiteElo "2309"]
[BlackElo "2406"]
[Annotator "TA"]
[PlyCount "31"]
[EventDate "2019.10.02"]
[EventType "swiss"]
[EventCountry "IND"]
[SourceTitle "playchess.com"]
[Source "ChessBase"]
[SourceQuality "1"]

{[%evp 13,23,45,45,43,52,19,19,7,40,34,62,68]} 1. e4 Nf6 2. e5 Nd5 3. d4 d6 4. Nf3 g6 5. Bc4 Nb6 6. Bb3 Bg7 7. Qe2 O-O 8. e6 {B04: Alekhine's Defence: 4 Nf3} (8. h3 c5 9. dxc5 dxc5 10. O-O c4 11. Bxc4 Nxc4 12. Qxc4 Nc6 13. Bf4 Bf5 14. Nc3 Bxc2 15. Rfe1 Bf5 16. Rad1 Qb6 17. Nd5 Qxb2 18. Nd4 Nxd4 19. Nxe7+ {½-½ (69) Fedorchuk,S (2631)-Fier,A (2543) Le Blanc Mesnil 2019}) 8... d5 9. exf7+ (9. Ng5 $5 {[%cal Re6f7]}) 9... Rxf7 10. c3 Nc6 11. Ng5 Rf6 12. f4 {Predecessor:} Na5 $146 13. Bc2 Nac4 14. Nd2 Nxd2 15. Bxd2 Nc4 16. O-O-O {½-½ (42) Hughes,A (2039)-Reinemer,F (2186) Port Erin 2000} *

[Event "WYCC U16 Open 2019"]
[Site "Mumbai"]
[Date "2019.10.04"]
[Round "4.5"]
[White "Gharibyan, Mamikon"]
[Black "Pogosyan, Stefan"]
[Result "*"]
[WhiteElo "2388"]
[BlackElo "2364"]
[Annotator "TA"]
[PlyCount "36"]
[EventDate "2019.10.02"]
[EventType "swiss"]
[EventCountry "IND"]
[SourceTitle "playchess.com"]
[Source "ChessBase"]
[SourceQuality "1"]

{[%evp 12,18,16,1,24,18,15,10,9]} 1. Nf3 Nf6 2. c4 e6 3. Nc3 d5 4. d4 Bb4 5. Qa4+ Nc6 6. e3 O-O 7. Bd2 Bd7 {D38: Queen's Gambit Declined: Ragozin Defence (4 Nf3 Bb4)} 8. Qc2 dxc4 9. Bxc4 Bd6 {Predecessor:} 10. O-O $146 e5 11. dxe5 Nxe5 12. Nxe5 Bxe5 13. f4 Bxc3 14. Bxc3 Qe7 15. Bxf6 Qxf6 16. e4 Rad8 17. e5 Bf5 18. exf6 Bxc2 {½-½ (45) Moiseenko,A (2648)-Meskovs,N (2568) Skopje 2019} *

[Event "WYCC U16 Open 2019"]
[Site "Mumbai"]
[Date "2019.10.04"]
[Round "4.6"]
[White "Stork, Oliver"]
[Black "Daghli, Arash"]
[Result "*"]
[WhiteElo "2314"]
[BlackElo "2387"]
[Annotator "TA"]
[PlyCount "26"]
[EventDate "2019.10.02"]
[EventType "swiss"]
[EventCountry "IND"]
[SourceTitle "playchess.com"]
[Source "ChessBase"]
[SourceQuality "1"]

{[%evp 9,18,0,2,-10,8,0,8,14,17,-6,30]} 1. d4 Nf6 2. Bf4 g6 3. Nc3 d5 4. e3 Bg7 5. Nb5 Na6 {The position is equal.} 6. h3 {A45: Trompowsky Attack} c6 7. Nc3 Nb8 8. Nf3 O-O 9. Bd3 c5 {Predecessor:} 10. O-O $146 b6 11. Ne5 Bb7 12. Bh2 Nc6 13. Bb5 Rc8 {1-0 (34) Aronian,L (2784)-Grischuk,A (2752) chess.com INT 2016} *

[Event "WYCC U16 Open 2019"]
[Site "Mumbai"]
[Date "2019.10.04"]
[Round "4.7"]
[White "Harshavardhan G B"]
[Black "Moksh Amit Doshi"]
[Result "*"]
[WhiteElo "2362"]
[BlackElo "2328"]
[Annotator "TA"]
[PlyCount "17"]
[EventDate "2019.10.02"]
[EventType "swiss"]
[EventCountry "IND"]
[SourceTitle "playchess.com"]
[Source "ChessBase"]
[SourceQuality "1"]

{[%evp 14,17,18,5,42,-8]} 1. d4 Nf6 2. c4 g6 3. Nc3 d5 4. Nf3 Bg7 5. cxd5 Nxd5 6. Bd2 Nb6 7. e3 O-O 8. Rc1 N8d7 {D90: Grünfeld: 4 Nf3 Bg7 sidelines} 9. Ne4 $146 ({Predecessor:} 9. a4 a5 10. e4 e5 11. d5 c6 12. Bg5 Bf6 13. Be3 Qe7 14. d6 Qe6 15. b3 Bg7 16. h4 {1-0 (32) Topalov,V (2767)-Cheparinov,I (2696) Sofia 2008}) *

[Event "WYCC U16 Open 2019"]
[Site "Mumbai"]
[Date "2019.10.04"]
[Round "4.8"]
[White "Kacharava, Nikolozi"]
[Black "Ajay Karthikeyan"]
[Result "*"]
[WhiteElo "2428"]
[BlackElo "2214"]
[Annotator "TA"]
[PlyCount "17"]
[EventDate "2019.10.02"]
[EventType "swiss"]
[EventCountry "IND"]
[SourceTitle "playchess.com"]
[Source "ChessBase"]
[SourceQuality "1"]

{[%evp 9,17,68,65,61,49,55,62,44,74,37]} 1. e4 g6 2. d4 Bg7 3. Nc3 b6 4. f4 (4. Be3 Bb7 5. Qd2 e6 6. h4 h6 7. f3 d6 8. O-O-O Nd7 9. g4 a6 10. Bd3 b5 11. Nge2 b4 {0-1 (35) Carlsen,M (2714)-Kamsky,G (2714) Moscow 2007}) 4... Bb7 5. Nf3 d6 6. Bd3 {B06: Modern Defence} a6 7. O-O c5 $146 ({Predecessor:} 7... Nd7 8. Kh1 c5 9. Be3 e6 10. Qe1 Ne7 11. f5 Nc6 12. fxe6 fxe6 13. dxc5 Nxc5 {1-0 (30) Zsiltzova Lisenko,L (2245)-Valner,S (1872) Belgrade 2013}) 8. dxc5 bxc5 9. Bc4 *

[Event "WYCC U16 Open 2019"]
[Site "Mumbai"]
[Date "2019.10.04"]
[Round "4.10"]
[White "Tarlabasi, Emirhan"]
[Black "Wartiovaara, Oliver"]
[Result "1-0"]
[WhiteElo "2365"]
[BlackElo "2232"]
[Annotator "NA"]
[PlyCount "69"]
[EventDate "2019.10.02"]
[EventType "swiss"]
[EventCountry "IND"]
[SourceTitle "playchess.com"]
[Source "ChessBase"]
[SourceQuality "1"]
[TimeControl "40/5400+30:1800+30"]

1. d4 {[%emt 0:00:00]} Nf6 {[%emt 0:00:00]} 2. c4 {[%emt 0:00:02]} g6 {[%emt 0:00:00]} 3. Nc3 {[%emt 0:01:20]} d5 {[%emt 0:00:00]} 4. cxd5 {[%emt 0:04:43]} Nxd5 {[%emt 0:00:00]} 5. e4 {[%emt 0:00:37]} Nxc3 {[%emt 0:00:00]} 6. bxc3 {[%emt 0:00:06]} Bg7 {[%emt 0:00:03]} 7. Bc4 {[%emt 0:01:00]} c5 {[%emt 0:00:09]} 8. Ne2 {[%emt 0:00:10]} O-O {[%emt 0:00:48]} 9. Be3 {[%emt 0:00:36]} Nc6 {[%emt 0:00:08]} 10. Rc1 {[%emt 0:01:35]} cxd4 {[%emt 0:07:29]} 11. cxd4 {[%emt 0:00:16]} Qa5+ {[%emt 0:00:03]} 12. Kf1 {[%emt 0:00:15]} Qa3 {[%emt 0:03:45]} 13. Rc3 {[%emt 0:06:27]} Qd6 {[%emt 0:13:24]} 14. h4 {[%emt 0:11:12]} h5 {[%emt 0:28:07]} 15. f3 {[%emt 0:21:59]} Na5 {[%emt 0:07:13]} 16. Bd3 {[%emt 0:24:18]} Bd7 {[%emt 0:20:04]} 17. e5 {[%emt 0:00:30]} Qb4 {[%emt 0:00:30]} 18. Qd2 {[%emt 0:00:30]} Bb5 {[%emt 0:00:30]} 19. Kf2 {[%emt 0:00:30]} Bxd3 {[%emt 0:00:30]} 20. Qxd3 {[%emt 0:00:30]} Rfc8 21. Rb1 {[%emt 0:00:30]} Qa4 {[%emt 0:01:00]} 22. Rbc1 {[%emt 0:05:27]} Rxc3 {[%emt 0:02:38]} 23. Qxc3 {[%emt 0:00:33]} Nc6 {[%emt 0:01:44]} 24. a3 {[%emt 0:04:14]} e6 {[%emt 0:01:28]} 25. Qb2 {[%emt 0:01:13]} Rb8 {[%emt 0:03:18]} 26. Nc3 {[%emt 0:01:36]} Qa5 {[%emt 0:01:33]} 27. Ne4 {[%emt 0:00:48]} Bf8 {[%emt 0:03:13]} 28. Rxc6 {[%emt 0:01:14]} Bxa3 {[%emt 0:00:06]} 29. Qc3 {[%emt 0:02:41]} Qxc3 {[%emt 0:02:11]} 30. Rxc3 {[%emt 0:00:01]} Bb4 {[%emt 0:00:08]} 31. Rc7 {[%emt 0:04:07]} a5 {[%emt 0:00:22]} 32. Bh6 {[%emt 0:00:50]} Kh7 {[%emt 0:00:42]} 33. Rxf7+ {[%emt 0:00:36]} Kxh6 {[%emt 0:00:07]} 34. Ng5 {[%emt 0:00:04]} Rh8 {[%emt 0:01:13]} 35. Rxb7 {[%emt 0:00:15]} 1-0

[Event "WYCC U16 Open 2019"]
[Site "Mumbai"]
[Date "2019.10.04"]
[Round "4.11"]
[White "Wu, Hao"]
[Black "Manafov, Vugar"]
[Result "*"]
[WhiteElo "1835"]
[BlackElo "2357"]
[Annotator "TA"]
[PlyCount "25"]
[EventDate "2019.10.02"]
[EventType "swiss"]
[EventCountry "IND"]
[SourceTitle "playchess.com"]
[Source "ChessBase"]
[SourceQuality "1"]

{[%evp 15,25,43,56,49,85,72,99,29,80,78,68,0]} 1. e4 Nf6 2. e5 Nd5 3. c4 Nb6 4. d4 d6 5. f4 dxe5 6. fxe5 Bf5 7. Nc3 e6 8. Nf3 Be7 9. Be3 {B03: Alekhine's Defence: Four Pawns Attack} (9. Bd3 Bg4 10. Be4 Nc6 11. c5 Nd5 12. O-O Qd7 13. Nxd5 exd5 14. Bc2 b6 15. cxb6 axb6 16. a3 Bh5 {0-1 (66) Morozevich,A (2748)-Nakamura,H (2760) Beijing 2012}) 9... O-O 10. Bd3 Bg4 {[#]} 11. Qc2 (11. O-O $1 $16) 11... g6 $146 (11... Nc6 $11) ({Predecessor:} 11... Nc6 12. O-O-O Nb4 13. Bxh7+ Kh8 14. Qe4 Bxf3 15. gxf3 Nxc4 {0-1 (33) Diaz Rosas,J (2323)-Nogueiras Santiago,J (2458) Santa Clara 2019}) 12. O-O-O $16 Nc6 13. Qf2 (13. h3 $14 Bxf3 14. gxf3) *

[Event "WYCC U16 Open 2019"]
[Site "Mumbai"]
[Date "2019.10.04"]
[Round "4.12"]
[White "Mis, Mieszko"]
[Black "Lumachi, Gabriele"]
[Result "*"]
[WhiteElo "2345"]
[BlackElo "2207"]
[Annotator "TA"]
[PlyCount "19"]
[EventDate "2019.10.02"]
[EventType "swiss"]
[EventCountry "IND"]
[SourceTitle "playchess.com"]
[Source "ChessBase"]
[SourceQuality "1"]

{[%evp 12,19,-3,-12,29,29,42,35,29,43]} 1. c4 e6 2. Nf3 d5 3. d4 Nf6 4. g3 Be7 5. Bg2 O-O 6. Qc2 c5 7. dxc5 Bxc5 {E06: Closed Catalan: Early deviations} (7... Nc6 8. cxd5 exd5 9. O-O Ne4 10. Nc3 Bf5 11. Qb3 d4 12. Nxe4 Bxe4 13. Rd1 Bxc5 14. Bg5 Qb6 15. Qxb6 Bxb6 {½-½ (68) Gelfand,B (2676)-Dominguez Perez,L (2750) Hengshui 2019}) 8. cxd5 Bb4+ 9. Nc3 exd5 $146 ({Predecessor:} 9... Nxd5 10. O-O Nxc3 11. bxc3 Be7 12. Rd1 Qa5 13. Nd4 Nd7 14. Rb1 Nc5 15. Nb3 {1-0 (61) Rasmussen,A (2542)-Lindberg,H (2229) Sweden 2017}) 10. O-O *

[Event "WYCC U16 Open 2019"]
[Site "Mumbai"]
[Date "2019.10.04"]
[Round "4.13"]
[White "Utsab Chatterjee"]
[Black "Cardoso Cardoso, Jose Gabriel"]
[Result "*"]
[WhiteElo "2211"]
[BlackElo "2313"]
[Annotator "TA"]
[PlyCount "27"]
[EventDate "2019.10.02"]
[EventType "swiss"]
[EventCountry "IND"]
[SourceTitle "playchess.com"]
[Source "ChessBase"]
[SourceQuality "1"]

{[%evp 24,27,9,-13,6,-17]} 1. e4 c5 2. Nf3 d6 3. d4 cxd4 4. Nxd4 Nf6 5. Nc3 a6 6. Be2 e5 7. Nb3 Be7 8. O-O O-O 9. Kh1 Nc6 10. f4 a5 11. a4 Nb4 12. Be3 Be6 13. Qd2 Qc7 {B83: Sicilian Scheveningen: 6 Be2, lines without ...a6} (13... exf4 14. Bxf4 d5 15. e5 Ne4 16. Nxe4 dxe4 17. Nd4 Bc5 18. Nxe6 Qxd2 19. Bxd2 fxe6 20. Bxb4 {½-½ (20) Spraggett,K (2540)-Dzindzichashvili,R (2560) Manila 1990}) 14. Rac1 $146 ({Predecessor:} 14. Bf3 b6 15. Qf2 Rab8 16. h3 Rfe8 17. Rad1 Bf8 18. Rfe1 Bd7 19. Rd2 Bc6 20. Red1 Qb7 21. fxe5 dxe5 {0-1 (33) Pyda,Z (2290)-Markowski,T (2455) Lubniewice 1993}) *